000 00533nam a22001697a 4500
005 20231120122304.0
008 231120b |||||||| |||| 00| 0 eng d
020 _a9780409071405
041 _aEnglish
082 _a343.4 SIL
100 _lEnglish
245 _aSilke on South African Income Tax of 1962 2007/2008 :
_bUpdated to include Acts 8,9, 35 and 36 of 2007
260 _aDurban :
_bLexisNexis,
_c2008
300 _b510 pages ;
_c25 cm.
650 _aLegal practice
_bLaw
942 _cBK
_6ALISON_BN_VRIES
999 _c799
_d799